Normal view
MARC view
Entry Personal Name
001 - CONTROL NUMBER
- control field: 14196
003 - CONTROL NUMBER IDENTIFIER
- control field: HDC
005 - DATE AND TIME OF LATEST TRANSACTION
- control field: 20230624073428.0
008 - FIXED-LENGTH DATA ELEMENTS
- fixed length control field: 210213|| aca||aabn | a|a d
040 ## - CATALOGING SOURCE
- Original cataloging agency: HDC
- Transcribing agency: HDC
100 ## - HEADING--PERSONAL NAME
- Personal name: Rosli Awaluddin
670 ## - SOURCE DATA FOUND
- Source citation: Work cat.: (HDC): Rosli Awaluddin author, Feeding Trials in Malaysia: Palm Kernel Cake as a Feedstuff for Cattle / by, 2001
